Судова практика Верховного Суду України (Запис № 571146)

МАРК-запис
000 -Лідер
fixed length control field 02253 a2200277 4500
003 - Ідентифікатор контрольного номера
control field UA-OsUOA
005 - Дата та час останнього входження (трансакції)
control field 20220422103604.0
008 - Елементи даних фіксованої довжини – загальна інформація
fixed length control field 210806b un ||||| |||| 00| 0 ukr d
020 ## - Міжнародний стандартний книжковий номер (ISBN)
Міжнародний стандартний книжковий номер (ISBN) (НП) 9789663124062
040 ## - Джерело каталогізації
Агенція оригінальної каталогізації UA-OsUOA
Мова каталогізації ukr
Агенція, яка здійснювала перезапис UA-OsUOA
Агенція, яка здійснювала модифікацію UA-OsUOA
041 ## - Код мови
Код мови тексту/ звукової доріжки чи окремого заголовка (П) ukr
080 ## - Індекс Універсальної десяткової класифікації
Індекс Універсальної десяткової класифікації (УДК) (НП) 347.991(477)
090 ## - Локальний шифр розміщення
Класифікаційний індекс УДК 347.991(477)
Авторський знак (НП) С89
110 ## - Наймення організації – загальна інформація
Найменування колективу або юрисдикції як початковий елемент введення Верховний Суд України
245 ## - Відомості про назву
Назва (НП) Судова практика Верховного Суду України
Номер частини/ розділу роботи (П) Кн. 2
Назва частини/ розділу роботи Господарські справи
Дані про відповідальність (НП) упоряд. О. А. Шаповалова ; за заг. ред. В. П. Барбари
250 ## - Відомості про видання (редакцію)
Відомості про видання (редакцію) (НП) Офіційне видання
260 ## - Публікація, розповсюдження і т.п. (Вихідні дані)
Місце публікації, розповсюдження і т.п. (П) К.
Ім’я/ наймення видавництва, розповсюджувача і т.п. (П) Ін Юре
Дата публікації, розповсюдження і т.п. (П) 2013
300 ## - Фізичний опис
Обсяг 776 с.
520 ## - Резюме і т.п.
Резюме, реферат, анотація, тощо (НП) У виданні зібрані рішення, прийняті Верховним Судом України в найбільш актуальних господарських справах, які були розглянуті упродовж останніх двох років, а також правові висновки найвищої судової інстанції з питань застосування окремих норм права.<br/>Збірник розрахований на широку читацьку аудиторію – суддів усіх інстанцій при вирішенні подібних справ (аналогічних правових ситуацій), суб'єктів владних повноважень, прокурорів, адвокатів, представників юридичних осіб, які беруть участь у розгляді та вирішенні спорів у господарських судах України, наукових співробітників, викладачів і студентів юридичних вузів та факультетів.
650 ## - Додаткове предметне введення – тематичний термін
Джерело заголовка чи терміна UDC
Тематичний термін чи географічна назва, як елемент введення (НП) 347.9 Судовий устрій
700 1# - Додаткове введення – ім'я особи
Ім’я особи (НП) Шаповалова О. А.
Термін відношення упоряд.
700 1# - Додаткове введення – ім'я особи
Ім’я особи (НП) Барбара В. П.
Термін відношення ред.
942 ## - Додаткові елементи входу (Коха)
Тип елемента Koha Книги
Source of classification or shelving scheme Universal Decimal Classification
955 ## - Код типу видання за змістом
Код типу видання за змістом (НП) Довідкові видання
Фонди
Стан вилучень Стан втрат Джерело класифікації або схеми стелажів Стан уражень Не для кредиту Код колекції Постійне місце розташування Поточне розміщення Дата придбання Джерело придбання Вартість, звичайна ціна покупки Усього замовленно Повний номер виклику Штрих-код Дата останнього перегляду Вартість, ціна заміни Ціна ефективна від Тип елемента Koha
    Universal Decimal Classification     Колекція Колоса М.І. ЧЗ - Читальна зала ЧЗ - Читальна зала 06/08/2021 №22/03.08.21 45.00   347.991(477) С89 163722 11/02/2022 45.00 06/08/2021 Книги